Sobre funcions de dues variables complexes : conferències donades el maig del 1933 / per F. Severi conferències donades el maig del 1933 / per F. Severi
Descripción Física:
34 p. ; 25 cm
Materias:
Física
MARC
| LEADER | 00000nam a2200000Ia 4500 | ||
|---|---|---|---|
| 001 | 8669 | ||
| 008 | 160829s9999 xx 000 0 cat d | ||
| 080 | |a C-1-187 | ||
| 100 | |a Severi, Francesco |9 21189 | ||
| 245 | |a Sobre funcions de dues variables complexes : |b conferències donades el maig del 1933 / per F. Severi | ||
| 260 | |a Barcelona : |b Institut d' Estudis Catalans, Secció de Ciències, [s.a.] | ||
| 300 | |a 34 p. ; |c 25 cm | ||
| 650 | |a Física |9 29805 | ||
| 710 | 1 | |a Institut d'Estudis Catalans. |b Secció de Ciències |9 54840 | |
| 901 | |a Arxiu | ||
| 942 | |n 1 | ||
| 952 | |0 0 |1 0 |4 0 |6 C1187 |7 1 |9 41821 |a Arxiu |b Arxiu |d 2016-12-01 |l 0 |o C-1-187 |p 8669 |r 2016-12-01 00:00:00 |w 2016-12-01 |y ARXIU | ||
| 999 | |c 43744 |d 43744 | ||